[Event "Brønshøj Lang Weekend 2015"]
[Site "?"]
[Date "2015.02.07"]
[Round "3.1"]
[White "Fries Nielsen, Niels Jørgen"]
[Black "Semcesen, Daniel"]
[Result "1/2-1/2"]
[BlackElo "2466"]
[WhiteElo "2324"]
[LiveChessVersion "1.4.5"]

1. d4 {[%clk 1:30:49]} d5 {[%clk 1:27:39]} 2. Nf3 {[%clk 1:31:01]} Nf6
{[%clk 1:27:59]} 3. c3 {[%clk 1:30:32]} c5 {[%clk 1:24:53]} 4. dxc5
{[%clk 1:27:43]} e6 {[%clk 1:24:28]} 5. Nbd2 {[%clk 1:26:03]} Bxc5
{[%clk 1:24:09]} 6. Nb3 {[%clk 1:26:21]} Bb6 {[%clk 1:20:52]} 7. Bf4
{[%clk 1:26:41]} Nc6 {[%clk 1:20:40]} 8. e3 {[%clk 1:27:02]} O-O {[%clk 1:20:38]}
9. h3 {[%clk 1:25:47]} Qe7 {[%clk 1:20:32]} 10. Be2 {[%clk 1:25:26]} e5
{[%clk 1:19:44]} 11. Bh2 {[%clk 1:24:49]} Bf5 {[%clk 1:15:45]} 12. O-O
{[%clk 1:24:56]} Rad8 {[%clk 1:15:54]} 13. Bb5 {[%clk 1:23:58]} Bc7
{[%clk 1:15:39]} 14. Re1 {[%clk 1:22:28]} a6 {[%clk 1:15:25]} 15. Bxc6
{[%clk 1:22:10]} bxc6 {[%clk 1:15:43]} 16. Qe2 {[%clk 1:22:20]} Ra8
{[%clk 1:10:23]} 17. c4 {[%clk 1:22:33]} a5 {[%clk 1:07:34]} 18. cxd5
{[%clk 1:22:44]} cxd5 {[%clk 1:07:47]} 19. Rac1 {[%clk 1:22:46]} Rfc8
{[%clk 1:06:06]} 20. Rxc7 {[%clk 1:18:45]} Rxc7 {[%clk 0:59:57]} 21. Bxe5
{[%clk 1:19:04]} Rcc8 {[%clk 0:59:00]} 22. Nbd4 {[%clk 1:17:49]} Bd7
{[%clk 0:58:31]} 23. Bf4 {[%clk 1:16:35]} Ne4 {[%clk 0:58:00]} 24. Nd2
{[%clk 1:15:41]} h6 {[%clk 0:52:22]} 25. N2f3 {[%clk 1:13:46]} a4
{[%clk 0:49:00]} 26. Ne5 {[%clk 1:13:12]} Ra5 {[%clk 0:44:33]} 27. f3
{[%clk 1:12:28]} Nf6 {[%clk 0:44:09]} 28. g4 {[%clk 1:10:32]} Rac5
{[%clk 0:42:59]} 29. Qd2 {[%clk 1:09:21]} Be6 {[%clk 0:41:36]} 30. Nd3
{[%clk 1:06:29]} Rc4 {[%clk 0:40:29]} 31. Ne5 {[%clk 1:05:43]} R4c5
{[%clk 0:40:43]} 32. Nd3 {[%clk 1:06:06]} Rc4 {[%clk 0:38:24]} 33. Ne5
{[%clk 1:06:34]} R4c7 {[%clk 0:34:53]} 34. Bg3 {[%clk 1:06:17]} Rb7
{[%clk 0:34:36]} 35. Nd3 {[%clk 1:04:27]} Qd8 {[%clk 0:32:49]} 36. b4
{[%clk 0:59:57]} axb3 {[%clk 0:31:19]} 37. axb3 {[%clk 1:00:25]} Qb6
{[%clk 0:29:56]} 38. Bf2 {[%clk 0:58:59]} Qd6 {[%clk 0:29:03]} 39. Kg2
{[%clk 0:57:48]} Qa3 {[%clk 0:29:04]} 40. h4 {[%clk 1:12:54]} Qe7
{[%clk 0:27:43]} 41. Nf4 1/2-1/2

[Event "Brønshøj Lang Weekend 2015"]
[Site "?"]
[Date "2015.02.07"]
[Round "3.2"]
[White "Bekker-Jensen, Simon"]
[Black "Nielsen, Klaus"]
[Result "1-0"]
[BlackElo "2094"]
[WhiteElo "2452"]
[LiveChessVersion "1.4.5"]

1. d4 {[%clk 1:26:07]} d5 {[%clk 1:30:56]} 2. c4 {[%clk 1:26:26]} e6
{[%clk 1:31:20]} 3. Nc3 {[%clk 1:26:49]} c5 {[%clk 1:31:31]} 4. cxd5
{[%clk 1:26:43]} cxd4 {[%clk 1:31:15]} 5. Qa4+ {[%clk 1:25:15]} Bd7
{[%clk 1:31:37]} 6. Qxd4 {[%clk 1:25:30]} exd5 {[%clk 1:32:00]} 7. Qxd5
{[%clk 1:25:36]} Nf6 {[%clk 1:32:06]} 8. Qd1 {[%clk 1:25:24]} Nc6
{[%clk 1:32:21]} 9. Nf3 {[%clk 1:25:18]} Bc5 {[%clk 1:32:35]} 10. e3
{[%clk 1:25:21]} Qe7 {[%clk 1:32:28]} 11. Be2 {[%clk 1:24:26]} O-O-O
{[%clk 1:30:00]} 12. O-O {[%clk 1:24:13]} g5 {[%clk 1:30:12]} 13. b4
{[%clk 1:22:30]} g4 {[%clk 1:27:52]} 14. Nd4 {[%clk 1:20:53]} Bxb4
{[%clk 1:27:36]} 15. Bb2 {[%clk 1:19:36]} Rhg8 {[%clk 1:27:43]} 16. Ncb5
{[%clk 1:16:44]} Kb8 {[%clk 1:23:44]} 17. Rc1 {[%clk 1:00:57]} a6
{[%clk 1:01:58]} 18. Nxc6+ {[%clk 0:56:56]} Bxc6 {[%clk 1:02:19]} 19. Nd4
{[%clk 0:57:14]} Bd5 {[%clk 0:48:59]} 20. Nf5 {[%clk 0:55:48]} Qe4
{[%clk 0:46:03]} 21. Nh4 {[%clk 0:55:20]} Nh5 {[%clk 0:33:53]} 22. Bd3
{[%clk 0:47:24]} Qe6 {[%clk 0:30:50]} 23. Bd4 {[%clk 0:37:06]} Bd6
{[%clk 0:27:59]} 24. g3 {[%clk 0:20:47]} Be7 {[%clk 0:23:10]} 25. Qc2
{[%clk 0:18:54]} Bc6 {[%clk 0:22:04]} 26. Bc4 {[%clk 0:18:13]} Bd5
{[%clk 0:17:01]} 27. Bxd5 {[%clk 0:17:02]} Rxd5 {[%clk 0:17:19]} 28. Qc7+
{[%clk 0:16:07]} Ka8 {[%clk 0:17:46]} 29. Rb1 {[%clk 0:15:48]} Rd7
{[%clk 0:16:51]} 30. Qc2 {[%clk 0:15:54]} Bxh4 {[%clk 0:15:50]} 31. Qxh7
{[%clk 0:13:43]} f6 {[%clk 0:09:59]} 32. Qxh5 {[%clk 0:12:49]} Bg5
{[%clk 0:10:18]} 33. Rb6 {[%clk 0:10:44]} Qe4 {[%clk 0:09:56]} 34. h3
{[%clk 0:09:58]} gxh3 {[%clk 0:10:00]} 35. Qxh3 {[%clk 0:09:54]} f5
{[%clk 0:04:22]} 36. Qg2 {[%clk 0:07:24]} Qxg2+ {[%clk 0:04:24]} 37. Kxg2
{[%clk 0:07:48]} f4 {[%clk 0:04:26]} 38. Re6 {[%clk 0:05:25]} fxg3
{[%clk 0:03:26]} 39. f4 {[%clk 0:02:38]} Bd8 {[%clk 0:03:05]} 40. Rf3
{[%clk 0:17:27]} Rc7 {[%clk 0:17:50]} 41. Rxg3 {[%clk 0:17:39]} Rc2+
{[%clk 0:17:55]} 42. Kf3 {[%clk 0:18:01]} Rf8 {[%clk 0:14:59]} 43. a3
{[%clk 0:17:00]} Ba5 {[%clk 0:14:17]} 44. Rg7 {[%clk 0:16:35]} Bc3
{[%clk 0:12:21]} 45. Rc7 {[%clk 0:16:20]} 1-0

[Event "Brønshøj Lang Weekend 2015"]
[Site "?"]
[Date "2015.02.07"]
[Round "3.3"]
[White "R.W. Olsen, Michael"]
[Black "Mikkelsen, Nikolaj"]
[Result "0-1"]
[BlackElo "2447"]
[WhiteElo "2003"]
[LiveChessVersion "1.4.5"]

1. Nf3 {[%clk 1:30:55]} Nf6 {[%clk 1:29:19]} 2. g3 {[%clk 1:31:12]} g6
{[%clk 1:29:42]} 3. Bg2 {[%clk 1:31:38]} Bg7 {[%clk 1:30:09]} 4. O-O
{[%clk 1:32:02]} O-O {[%clk 1:30:29]} 5. c4 {[%clk 1:31:31]} d6 {[%clk 1:30:53]}
6. Nc3 {[%clk 1:31:52]} c6 {[%clk 1:28:39]} 7. d3 {[%clk 1:30:32]} Nbd7
{[%clk 1:20:37]} 8. Bd2 {[%clk 1:30:29]} e5 {[%clk 1:20:36]} 9. Qc1
{[%clk 1:30:05]} Re8 {[%clk 1:19:12]} 10. Ne4 {[%clk 1:29:05]} Nxe4
{[%clk 1:08:50]} 11. dxe4 {[%clk 1:29:28]} Nc5 {[%clk 1:09:15]} 12. Qc2
{[%clk 1:28:37]} f5 {[%clk 1:09:07]} 13. Ng5 {[%clk 1:25:09]} h6 {[%clk 1:06:49]}
14. b4 {[%clk 1:17:30]} hxg5 {[%clk 1:05:10]} 15. bxc5 {[%clk 1:17:56]} dxc5
{[%clk 1:05:29]} 16. Rad1 {[%clk 1:17:12]} Qe7 {[%clk 1:05:33]} 17. exf5
{[%clk 1:16:27]} gxf5 {[%clk 1:05:54]} 18. e4 {[%clk 1:12:50]} f4
{[%clk 1:05:09]} 19. f3 {[%clk 1:12:27]} Be6 {[%clk 1:05:18]} 20. Rfe1
{[%clk 1:10:51]} Qf7 {[%clk 1:03:00]} 21. Rc1 {[%clk 1:10:36]} Rad8
{[%clk 1:02:46]} 22. g4 {[%clk 1:10:25]} Bxc4 {[%clk 0:59:08]} 23. Qxc4
{[%clk 1:09:18]} Qxc4 {[%clk 0:59:04]} 24. Rxc4 {[%clk 1:09:45]} Rxd2
{[%clk 0:59:23]} 25. Rxc5 {[%clk 1:09:43]} Bf8 {[%clk 0:59:36]} 26. Ra5
{[%clk 1:09:47]} Bb4 {[%clk 0:59:38]} 0-1

[Event "Brønshøj Lang Weekend 2015"]
[Site "?"]
[Date "2015.02.07"]
[Round "3.4"]
[White "Aabling-Thomsen, Jakob"]
[Black "Karlsson, Ulf"]
[Result "1-0"]
[BlackElo "2000"]
[WhiteElo "2327"]
[LiveChessVersion "1.4.5"]

1. e4 {[%clk 1:30:51]} c5 {[%clk 1:30:47]} 2. Nf3 {[%clk 1:31:16]} Nc6
{[%clk 1:31:03]} 3. Nc3 {[%clk 1:31:40]} e5 {[%clk 1:30:48]} 4. Bc4
{[%clk 1:31:57]} d6 {[%clk 1:30:39]} 5. d3 {[%clk 1:31:43]} Be7 {[%clk 1:26:40]}
6. a4 {[%clk 1:30:52]} Nf6 {[%clk 1:26:36]} 7. Nd2 {[%clk 1:31:03]} O-O
{[%clk 1:25:31]} 8. Nf1 {[%clk 1:31:28]} Ne8 {[%clk 1:22:05]} 9. Ne3
{[%clk 1:31:39]} Bg5 {[%clk 1:21:20]} 10. h4 {[%clk 1:26:07]} Bh6
{[%clk 1:16:48]} 11. g4 {[%clk 1:25:41]} Bf4 {[%clk 1:17:08]} 12. Ncd5
{[%clk 1:25:46]} Bxe3 {[%clk 1:17:01]} 13. Bxe3 {[%clk 1:25:46]} Nc7
{[%clk 1:13:49]} 14. Bg5 {[%clk 1:21:32]} Qd7 {[%clk 1:12:27]} 15. f3
{[%clk 1:18:50]} Nxd5 {[%clk 1:07:26]} 16. Bxd5 {[%clk 1:18:54]} Qe8
{[%clk 1:06:56]} 17. h5 {[%clk 1:18:09]} Be6 {[%clk 1:04:11]} 18. h6
{[%clk 1:18:06]} g6 {[%clk 1:04:23]} 19. Bf6 {[%clk 1:16:15]} Qd7
{[%clk 1:04:43]} 20. Bxc6 {[%clk 1:15:45]} Qxc6 {[%clk 1:01:47]} 21. Qd2
{[%clk 1:14:32]} Bc8 {[%clk 0:57:03]} 22. Qg5 {[%clk 1:09:36]} Qd7
{[%clk 0:51:52]} 23. Bxe5 {[%clk 1:04:17]} f6 {[%clk 0:37:07]} 24. Bxf6
{[%clk 1:04:40]} Qf7 {[%clk 0:37:18]} 25. Bg7 {[%clk 0:59:19]} Qxf3
{[%clk 0:33:27]} 26. Kd2 {[%clk 0:53:39]} Qf4+ {[%clk 0:26:20]} 27. Qxf4
{[%clk 0:51:13]} Rxf4 {[%clk 0:26:30]} 28. g5 {[%clk 0:50:26]} Be6
{[%clk 0:26:08]} 29. Raf1 {[%clk 0:50:26]} Rf7 {[%clk 0:25:08]} 30. Rxf7
{[%clk 0:49:35]} Kxf7 {[%clk 0:24:47]} 31. Rf1+ {[%clk 0:50:00]} Ke7
{[%clk 0:24:26]} 32. Rf6 {[%clk 0:49:03]} Rc8 {[%clk 0:20:23]} 33. Ke3
{[%clk 0:45:41]} Bf7 {[%clk 0:17:34]} 34. Rf1 {[%clk 0:44:59]} d5
{[%clk 0:15:10]} 35. Bf6+ {[%clk 0:42:07]} Kd7 {[%clk 0:14:26]} 36. Kf4
{[%clk 0:41:31]} Re8 {[%clk 0:14:00]} 37. Re1 {[%clk 0:37:59]} b6
{[%clk 0:11:24]} 38. b3 {[%clk 0:33:56]} Bg8 {[%clk 0:10:59]} 39. c4
{[%clk 0:30:42]} d4 {[%clk 0:10:30]} 40. a5 {[%clk 0:45:27]} Kc6 {[%clk 0:24:01]}
41. axb6 {[%clk 0:45:08]} axb6 {[%clk 0:22:55]} 42. Ra1 {[%clk 0:45:04]} Kb7
{[%clk 0:22:55]} 43. b4 {[%clk 0:44:55]} Be6 {[%clk 0:18:50]} 44. Be5
{[%clk 0:40:46]} Bh3 {[%clk 0:15:37]} 45. bxc5 {[%clk 0:39:07]} bxc5
{[%clk 0:15:41]} 46. Bd6 {[%clk 0:35:41]} Kb6 {[%clk 0:15:55]} 47. Rb1+
{[%clk 0:24:19]} Kc6 {[%clk 0:16:01]} 48. e5 {[%clk 0:23:59]} Bf5
{[%clk 0:13:55]} 49. Rb5 {[%clk 0:23:52]} Bxd3 {[%clk 0:14:18]} 50. Rxc5+
{[%clk 0:24:17]} Kd7 {[%clk 0:14:36]} 51. Rc7+ {[%clk 0:23:47]} Ke6
{[%clk 0:14:26]} 52. Rxh7 {[%clk 0:23:34]} Bxc4 {[%clk 0:14:21]} 53. Rg7
{[%clk 0:21:30]} Bd3 {[%clk 0:14:16]} 54. h7 {[%clk 0:21:38]} Rh8
{[%clk 0:13:27]} 55. Be7 {[%clk 0:21:24]} Bf5 {[%clk 0:10:17]} 56. Bf6
{[%clk 0:21:31]} d3 {[%clk 0:07:56]} 57. Ke3 {[%clk 0:21:43]} Rb8
{[%clk 0:07:38]} 58. Re7+ {[%clk 0:21:58]} 1-0

[Event "Brønshøj Lang Weekend 2015"]
[Site "?"]
[Date "2015.02.07"]
[Round "3.5"]
[White "Nordenbæk Pedersen, Jan"]
[Black "H. Nielsen, Viktor"]
[Result "0-1"]
[BlackElo "2202"]
[WhiteElo "2192"]
[LiveChessVersion "1.4.5"]

1. e4 {[%clk 1:30:58]} e5 {[%clk 1:30:55]} 2. Nf3 {[%clk 1:31:23]} Nc6
{[%clk 1:31:15]} 3. Bc4 {[%clk 1:31:02]} Bc5 {[%clk 1:31:39]} 4. c3
{[%clk 1:30:54]} Nf6 {[%clk 1:32:04]} 5. d3 {[%clk 1:31:01]} a6 {[%clk 1:32:21]}
6. O-O {[%clk 1:29:15]} d6 {[%clk 1:32:37]} 7. Bb3 {[%clk 1:25:46]} O-O
{[%clk 1:32:09]} 8. h3 {[%clk 1:24:07]} Ba7 {[%clk 1:32:19]} 9. Be3
{[%clk 1:23:11]} Ne7 {[%clk 1:24:28]} 10. Nbd2 {[%clk 1:15:28]} Ng6
{[%clk 1:22:54]} 11. Bc2 {[%clk 1:12:19]} Re8 {[%clk 1:18:01]} 12. Re1
{[%clk 1:03:26]} Bxe3 {[%clk 1:04:51]} 13. fxe3 {[%clk 1:02:56]} c5
{[%clk 1:04:23]} 14. Nf1 {[%clk 0:59:24]} b5 {[%clk 0:55:10]} 15. Ng3
{[%clk 0:58:22]} Nf8 {[%clk 0:53:17]} 16. Qd2 {[%clk 0:46:40]} g6
{[%clk 0:49:48]} 17. Rf1 {[%clk 0:45:35]} Kg7 {[%clk 0:48:45]} 18. Rf2
{[%clk 0:43:44]} Bb7 {[%clk 0:48:04]} 19. Re1 {[%clk 0:41:26]} Qc7
{[%clk 0:46:01]} 20. d4 {[%clk 0:34:02]} N8d7 {[%clk 0:42:52]} 21. d5
{[%clk 0:30:25]} c4 {[%clk 0:41:50]} 22. Ref1 {[%clk 0:30:15]} Rf8
{[%clk 0:38:13]} 23. Nh2 {[%clk 0:27:07]} Ng8 {[%clk 0:33:44]} 24. Bd1
{[%clk 0:24:24]} Nc5 {[%clk 0:31:25]} 25. Rf3 {[%clk 0:21:41]} f6
{[%clk 0:30:49]} 26. h4 {[%clk 0:19:37]} Nh6 {[%clk 0:23:52]} 27. h5
{[%clk 0:16:51]} Rf7 {[%clk 0:23:42]} 28. Bc2 {[%clk 0:16:03]} Raf8
{[%clk 0:22:25]} 29. hxg6 {[%clk 0:12:18]} hxg6 {[%clk 0:22:45]} 30. Nh1
{[%clk 0:11:15]} Bc8 {[%clk 0:21:52]} 31. Qf2 {[%clk 0:11:03]} Qe7
{[%clk 0:15:28]} 32. Qh4 {[%clk 0:09:06]} f5 {[%clk 0:14:58]} 33. Qxe7
{[%clk 0:09:22]} Rxe7 {[%clk 0:15:16]} 34. g4 {[%clk 0:05:00]} Ref7
{[%clk 0:15:08]} 35. exf5 {[%clk 0:04:44]} gxf5 {[%clk 0:15:15]} 36. g5
{[%clk 0:02:09]} Ng8 {[%clk 0:12:43]} 37. Ng3 {[%clk 0:02:00]} Kg6
{[%clk 0:11:16]} 38. e4 {[%clk 0:01:47]} f4 {[%clk 0:10:34]} 39. Nf5
{[%clk 0:01:55]} Bxf5 {[%clk 0:10:47]} 40. exf5+ {[%clk 0:17:23]} Kxg5
{[%clk 0:25:44]} 41. R1f2 {[%clk 0:16:35]} Nd3 {[%clk 0:23:21]} 42. Rg2+
{[%clk 0:10:20]} Kxf5 {[%clk 0:23:38]} 43. Rh3 {[%clk 0:10:22]} Nf6
{[%clk 0:21:47]} 44. Nf3 {[%clk 0:10:32]} Rg8 {[%clk 0:16:54]} 45. Nh4+
{[%clk 0:10:37]} Ke4 {[%clk 0:17:00]} 46. Ng6 {[%clk 0:08:51]} Rfg7
{[%clk 0:14:30]} 47. Rh6 {[%clk 0:08:24]} Nxd5 {[%clk 0:10:34]} 0-1

[Event "Brønshøj Lang Weekend 2015"]
[Site "?"]
[Date "2015.02.07"]
[Round "3.6"]
[White "W. Fredericia, Louise"]
[Black "Surender, Anil"]
[Result "0-1"]
[BlackElo "2062"]
[WhiteElo "2064"]
[LiveChessVersion "1.4.5"]

1. e4 {[%clk 1:30:30]} g6 {[%clk 1:30:50]} 2. d4 {[%clk 1:30:04]} Bg7
{[%clk 1:31:14]} 3. Nc3 {[%clk 1:27:26]} d6 {[%clk 1:30:54]} 4. Be3
{[%clk 1:27:37]} a6 {[%clk 1:31:12]} 5. Qd2 {[%clk 1:27:38]} Nd7 {[%clk 1:31:27]}
6. f3 {[%clk 1:25:23]} b5 {[%clk 1:31:09]} 7. Nge2 {[%clk 1:23:30]} Bb7
{[%clk 1:31:06]} 8. Ng3 {[%clk 1:21:14]} Rc8 {[%clk 1:26:14]} 9. a4
{[%clk 1:17:55]} b4 {[%clk 1:24:24]} 10. Nd1 {[%clk 1:15:56]} a5 {[%clk 1:21:34]}
11. c3 {[%clk 1:12:13]} c5 {[%clk 1:19:26]} 12. Bb5 {[%clk 1:09:04]} Bc6
{[%clk 1:18:06]} 13. Ba6 {[%clk 1:03:53]} Ra8 {[%clk 1:09:28]} 14. Bd3
{[%clk 1:03:50]} h5 {[%clk 1:07:15]} 15. Nf2 {[%clk 1:00:59]} e5 {[%clk 0:59:20]}
16. dxc5 {[%clk 0:57:17]} Nxc5 {[%clk 0:58:41]} 17. cxb4 {[%clk 0:54:09]} axb4
{[%clk 0:54:00]} 18. Qxb4 {[%clk 0:49:02]} Nxa4 {[%clk 0:47:26]} 19. O-O
{[%clk 0:45:13]} Rb8 {[%clk 0:45:35]} 20. Qc4 {[%clk 0:44:32]} Qd7
{[%clk 0:45:04]} 21. Rfc1 {[%clk 0:42:22]} Ne7 {[%clk 0:42:33]} 22. Bc2
{[%clk 0:31:22]} Nb6 {[%clk 0:33:37]} 23. Qe2 {[%clk 0:28:37]} O-O
{[%clk 0:31:53]} 24. Bd3 {[%clk 0:24:45]} d5 {[%clk 0:25:47]} 25. Bc5
{[%clk 0:22:50]} Rfe8 {[%clk 0:17:46]} 26. Ra6 {[%clk 0:22:22]} Nec8
{[%clk 0:15:59]} 27. exd5 {[%clk 0:20:33]} Nxd5 {[%clk 0:15:54]} 28. Bc4
{[%clk 0:15:44]} Nf4 {[%clk 0:14:41]} 29. Qc2 {[%clk 0:15:16]} Bb5
{[%clk 0:13:49]} 30. Ra3 {[%clk 0:09:32]} Bxc4 {[%clk 0:12:24]} 31. Qxc4
{[%clk 0:09:56]} Rxb2 {[%clk 0:12:36]} 32. Nd3 {[%clk 0:09:35]} Rxg2+
{[%clk 0:11:54]} 33. Kf1 {[%clk 0:06:50]} Qh3 {[%clk 0:12:08]} 34. Nf2
{[%clk 0:04:37]} Rg1+ {[%clk 0:12:16]} 0-1

[Event "Brønshøj Lang Weekend 2015"]
[Site "?"]
[Date "2015.02.07"]
[Round "3.7"]
[White "Stojanovski, Sandi"]
[Black "Christensen, Esben"]
[Result "1/2-1/2"]
[BlackElo "2017"]
[WhiteElo "2231"]
[LiveChessVersion "1.4.5"]

1. d4 {[%clk 1:23:10]} Nf6 {[%clk 1:28:39]} 2. c4 {[%clk 1:23:30]} c5
{[%clk 1:28:55]} 3. d5 {[%clk 1:23:49]} b5 {[%clk 1:29:11]} 4. cxb5
{[%clk 1:24:10]} a6 {[%clk 1:29:26]} 5. e3 {[%clk 1:24:22]} axb5 {[%clk 1:29:08]}
6. Bxb5 {[%clk 1:24:28]} Qa5+ {[%clk 1:27:46]} 7. Nc3 {[%clk 1:24:44]} Ba6
{[%clk 1:27:58]} 8. Bxa6 {[%clk 1:09:50]} Nxa6 {[%clk 1:25:13]} 9. Nf3
{[%clk 1:09:08]} d6 {[%clk 1:20:19]} 10. O-O {[%clk 1:09:25]} g6 {[%clk 1:20:38]}
11. e4 {[%clk 1:07:13]} Nd7 {[%clk 1:20:17]} 12. Bf4 {[%clk 1:01:15]} Bg7
{[%clk 1:20:38]} 13. Re1 {[%clk 0:59:47]} Qb4 {[%clk 1:18:36]} 14. Qd2
{[%clk 0:56:00]} O-O {[%clk 1:17:38]} 15. e5 {[%clk 0:50:03]} dxe5
{[%clk 1:06:51]} 16. Nxe5 {[%clk 0:50:08]} Nxe5 {[%clk 1:06:17]} 17. Bxe5
{[%clk 0:50:28]} Ra7 {[%clk 1:06:32]} 18. Bxg7 {[%clk 0:48:45]} Kxg7
{[%clk 1:06:53]} 19. Re4 {[%clk 0:49:00]} Qb6 {[%clk 1:06:02]} 20. Rae1
{[%clk 0:46:37]} Rb7 {[%clk 1:05:17]} 21. b3 {[%clk 0:42:56]} Qd6
{[%clk 1:04:06]} 22. Rh4 {[%clk 0:34:48]} h5 {[%clk 0:57:42]} 23. Qg5
{[%clk 0:34:34]} f6 {[%clk 0:53:03]} 24. Qe3 {[%clk 0:31:00]} Nb4
{[%clk 0:51:53]} 25. Ne4 {[%clk 0:28:06]} Qxd5 {[%clk 0:49:32]} 26. Qxc5
{[%clk 0:22:30]} Rd8 {[%clk 0:49:11]} 27. Qxd5 {[%clk 0:18:55]} Rxd5
{[%clk 0:49:07]} 28. Nc3 {[%clk 0:18:15]} Rd2 {[%clk 0:47:05]} 29. Rhe4
{[%clk 0:15:03]} Nxa2 {[%clk 0:42:40]} 30. Ne2 {[%clk 0:05:03]} 1/2-1/2

[Event "Brønshøj Lang Weekend 2015"]
[Site "?"]
[Date "2015.02.07"]
[Round "3.8"]
[White "Ussing Bojesen, Villads"]
[Black "Bach Nielsen, Thomas"]
[Result "1/2-1/2"]
[BlackElo "2198"]
[WhiteElo "1946"]
[LiveChessVersion "1.4.5"]

1. e4 {[%clk 1:30:58]} c6 {[%clk 1:30:45]} 2. d4 {[%clk 1:31:00]} d5
{[%clk 1:31:11]} 3. e5 {[%clk 1:30:50]} Bf5 {[%clk 1:31:35]} 4. h4
{[%clk 1:31:15]} h5 {[%clk 1:31:36]} 5. Bg5 {[%clk 1:31:16]} Qb6 {[%clk 1:28:39]}
6. Bd3 {[%clk 1:30:40]} Bxd3 {[%clk 1:28:34]} 7. Qxd3 {[%clk 1:31:02]} e6
{[%clk 1:28:47]} 8. Nc3 {[%clk 1:19:53]} Ne7 {[%clk 1:28:18]} 9. Nf3
{[%clk 1:15:51]} Qa6 {[%clk 1:27:22]} 10. Qd2 {[%clk 1:14:11]} Nf5
{[%clk 1:24:38]} 11. O-O-O {[%clk 1:11:12]} Nd7 {[%clk 1:22:40]} 12. Kb1
{[%clk 1:07:49]} b5 {[%clk 1:19:16]} 13. Qd3 {[%clk 1:06:08]} Nb6
{[%clk 1:14:33]} 14. Ne2 {[%clk 1:01:54]} Nc4 {[%clk 0:58:06]} 15. Ng3
{[%clk 0:59:37]} Ne7 {[%clk 0:54:41]} 16. Ne1 {[%clk 0:56:55]} Qa5
{[%clk 0:46:37]} 17. Qf3 {[%clk 0:53:41]} g6 {[%clk 0:33:23]} 18. Rd3
{[%clk 0:44:57]} Rb8 {[%clk 0:32:06]} 19. Bc1 {[%clk 0:34:11]} Rb6
{[%clk 0:30:44]} 20. Rb3 {[%clk 0:23:41]} Ra6 {[%clk 0:29:40]} 21. a3
{[%clk 0:23:28]} Bh6 {[%clk 0:28:02]} 22. Qf6 {[%clk 0:21:33]} Rh7
{[%clk 0:26:53]} 23. Bxh6 {[%clk 0:21:40]} Ng8 {[%clk 0:25:40]} 24. Qf4
{[%clk 0:20:37]} Nxh6 {[%clk 0:25:41]} 25. Nf3 {[%clk 0:18:43]} b4
{[%clk 0:18:49]} 26. Nd2 {[%clk 0:15:13]} Nxd2+ {[%clk 0:13:54]} 27. Qxd2
{[%clk 0:15:36]} bxa3 {[%clk 0:14:19]} 28. Qxa5 {[%clk 0:15:10]} Rxa5
{[%clk 0:14:43]} 29. bxa3 {[%clk 0:14:36]} Rb5 {[%clk 0:12:17]} 30. Ka2
{[%clk 0:14:03]} Kd7 {[%clk 0:12:07]} 31. Rhb1 {[%clk 0:14:08]} Rxb3
{[%clk 0:11:55]} 32. Rxb3 {[%clk 0:12:53]} Kc7 {[%clk 0:11:33]} 33. f3
{[%clk 0:12:29]} Rh8 {[%clk 0:08:48]} 34. Kb2 {[%clk 0:12:26]} Rg8
{[%clk 0:06:07]} 35. f4 {[%clk 0:11:53]} Ng4 {[%clk 0:03:58]} 36. Ne2
{[%clk 0:11:14]} Rb8 {[%clk 0:03:07]} 37. Rxb8 {[%clk 0:10:38]} Kxb8
{[%clk 0:03:34]} 38. g3 {[%clk 0:09:45]} Nf2 {[%clk 0:03:03]} 39. Kb3
{[%clk 0:07:48]} Kc7 {[%clk 0:01:58]} 40. c4 {[%clk 0:20:35]} Ne4
{[%clk 0:16:16]} 41. c5 {[%clk 0:19:00]} Kb7 {[%clk 0:14:07]} 42. Kb4
{[%clk 0:17:25]} Ka6 {[%clk 0:14:12]} 43. Ka4 {[%clk 0:17:15]} 1/2-1/2